Metódy vytyčovania pomocou univerzálnych meracích staníc

Gespeichert in:
Bibliographische Detailangaben
1. Verfasser: Adamčík, Marián (Verfasst von)
Weitere Verfasser: Bajtala, Marek (Betreuung Doktorarbeit)
Format: Manuskript Buch
Sprache:Slowakisch
Veröffentlicht: 2017
Schlagworte:
Online-Zugang:http://is.stuba.sk/zp/portal_zp.pl?podrobnosti=131472
https://opac.crzp.sk/?fn=detailBiblioForm&sid=FFEED6484134604A3C72ACB88729
Tags: Tag hinzufügen
Keine Tags, Fügen Sie das erste Tag hinzu!

MARC

LEADER 00000ntm a22000003a 4500
001 stuzp57123
003 SK-STU
005 20230822105945.5
007 ta
008 150427s2015----xo-----f-mn---000-0-slo-d
040 |a STU  |b slo 
041 0 |a slo 
100 1 |a Adamčík, Marián  |u 010140  |4 aut  |U SvF Stavebná fakulta  |T SvF Katedra geodézie  |X 62241  |U V140  |Y 14  |7 62241 
242 0 1 |a Delimitation methods using universal measuring stations  |y eng 
245 1 0 |a Metódy vytyčovania pomocou univerzálnych meracích staníc 
260 |c 2017 
650 4 |a uhlová presnosť  |2 slo 
650 4 |a univerzálne meracie stanice  |2 slo 
650 4 |a metódy vytyčovania  |2 slo 
650 4 |a hlavná priamka  |2 slo 
650 4 |a angular accuracy  |2 eng 
650 4 |a main straight  |2 eng 
650 4 |a methods of delimitation  |2 eng 
650 4 |a universal measuring stations  |2 eng 
700 1 |a Bajtala, Marek  |u 010140  |k Z1  |4 ths  |U SvF Stavebná fakulta  |T SvF Katedra geodézie  |X 1018  |U V140  |Y 14  |7 A000001018 
856 4 |u http://is.stuba.sk/zp/portal_zp.pl?podrobnosti=131472 
856 4 |u https://opac.crzp.sk/?fn=detailBiblioForm&sid=FFEED6484134604A3C72ACB88729